000 00213nam a2200121Ia 4500
100 _a#N/A
942 _cBK
245 _aProgramming in C
260 _b#N/A
082 _b22493
546 _aENGLISH
999 _c21042
_d21042